00410nam a22001217a 4500020001800000082001800018100002200036245007700058260004500135300002300180500002000203650006500223 a9788131505861 a621.31042 CAR aCarlson, A. Bruce aCircuits : engineering concepts and analysis of linear electric circuits aNew Delhi, IndiabCengage Learningc2000 axx, 840 p.bill. ; aIncludes index. a1. Electric circuits, Linear. 2. Electric circuit analysis.